000 00619nam a2200241Ia 4500
003 OSt
005 20220918191851.0
006 a|||||r|||| 00| 0
007 ta
008 220917b |||||||| |||| 00| 0 eng d
024 _a65,512
037 _cTextual
040 _aARTS
_cARTS
_beng
041 _2eng
_aeng
082 _aQ852, H8
100 _aRose H J
_962161
245 0 _aAncient Roman religion
260 _c1948
490 _aHutchinson's university library , world religions ,e d by E O James
650 _aRELIGION
942 _hQ852, H8
_cTEXL
_2CC
999 _c191755
_d191755